000 00329nam a22001457a 4500
020 _a817573855-3
082 _a920
_bDUA/S
100 _aDUA,SHYAM
245 _aTHE LUMINOUS LIFE OF SONIA GANDHI
250 _aFIRST
260 _aDELHI
_bTINY TOT PUBLICATIONS
_c2004
300 _a96
650 _aBIOGRAPHY
_zDELHI
942 _cBK
999 _c5918
_d5918